| 000 | 00811nam a2200277 a 4500 | ||
|---|---|---|---|
| 001 | |||
| 003 | DO-SdBNP | ||
| 005 | 20230508130447.0 | ||
| 008 | 150526s2015 dr 000 0 spa d | ||
| 020 | _a9789945176729 | ||
| 040 |
_aDO-SdBNP _bspa _cBPMSU |
||
| 082 | 4 |
_a305.42 _bS161m 2015 _222 |
|
| 100 | 1 | _aSalcedo, Lino | |
| 245 | 1 | 0 |
_aMujer superpoderosa. / _cLino Salcedo, María Abréu ; prólogo Tania Báez. |
| 260 |
_aSanto Domingo : _bBúho, _c2015. |
||
| 300 |
_a99 p. ; _c22 cm. |
||
| 590 | _6Inventariado, 2023/VM | ||
| 650 | 4 |
_aMujeres _xSituación social. |
|
| 650 | 4 | _aEducación en valores. | |
| 650 | 4 |
_aDesigualdad social. _x |
|
| 650 | 4 | _aTrabajo de la mujer | |
| 700 | 1 | _aAbréu, María | |
| 700 | 1 |
_aBáez, Tania, _epról. |
|
| 910 | _aVMateo V. Control de calidad (BPMSU) | ||
| 942 |
_2ddc _cBK |
||
| 999 |
_c14391 _d14391 |
||